Guess the Manchester City player 2 - Statistics

General Stats
  • This quiz has been taken 89 times
  • The average score is 14 of 20
Answer Stats
Picture Answer % Correct
Erling Haaland
96%
Phil Foden
95%
Jack Grealish
94%
Vincent Kompany
87%
David Silva
86%
Rúben Dias
86%
Fernandinho
81%
Yaya Touré
81%
Rico Lewis
80%
Aymeric Laporte
78%
Ferran Torres
73%
Leroy Sané
70%
Emmanuel Adebayor
63%
Pablo Zabaleta
62%
Danilo
58%
Sergio Gómez
57%
Fabian Delph
56%
Gaël Clichy
52%
Joey Barton
29%
Dedryck Boyata
11%
No matching quizzes found
Score Distribution
Percent of People with Each Score
Percentile by Number Answered
Your Score History
You have not taken this quiz